Marco Bruto (Record no. 162801)

MARC details
000 -LEADER
campo de control de longitud fija 00816nam a2200193 i 4500
001 - NÚMERO DE CONTROL
campo de control 162801
003 - IDENTIFICADOR DE NÚMERO DE CONTROL
campo de control ES-MaACL
005 - FECHA Y HORA DE LA ÚLTIMA TRANSACCIÓN
campo de control 20240523063047.0
008 - DATOS DE LONGITUD FIJA--INFORMACIÓN GENERAL
campo de control de longitud fija 940301s1880 sp |||| | spa d
040 ## - FUENTE DE CATALOGACIÓN
Centro catalogador/agencia de origen AS
Lengua de catalogación spa
100 1# - ENTRADA PRINCIPAL--NOMBRE DE PERSONA
Nombre de persona Quevedo, Francisco de,
Fechas asociadas al nombre 1580-1645
9 (RLIN) 94591
245 10 - MENCIÓN DEL TÍTULO
Título Marco Bruto
Resto del título ; Suasorias de Séneca ; El Rómulo /
Mención de responsabilidad, etc. Quevedo.
260 ## - PUBLICACIÓN, DISTRIBUCIÓN, ETC.
Lugar de publicación, distribución, etc. Madrid :
Nombre del editor, distribuidor, etc. [s.n.],
Fecha de publicación, distribución, etc. 1880 (
Fabricante Imprenta y litografía de La Guirnalda)
300 ## - DESCRIPCIÓN FÍSICA
Extensión 249 p. ;
Dimensiones 17 cm.
490 1# - MENCIÓN DE SERIE
Mención de serie Biblioteca de autores escogidos ;
Designación de volumen o secuencia 1
830 0# - PUNTO DE ACCESO ADICIONAL DE SERIE-TÍTULO UNIFORME
Título uniforme Biblioteca de autores escogidos ;
Designación de volumen o secuencia 1
9 (RLIN) 222224
852 ## - LOCALIZACIÓN
Ubicación ES-MaACL
Número de control de estantería T-720-F-4
Nota libre -- Enc. hol., falto de la cub. original
-- -- Enc. en un vol. facticio
Encuadernación -..T490: (Biblioteca de autores escogidos; 1) ; el nº de la serie consta en la antep.
Holdings
Estatus retirado Estado de pérdida Estado de daño No para préstamo Colección Biblioteca de origen Biblioteca actual Ubicación en estantería Fecha de adquisición Total de préstamos Signatura topográfica completa Código de barras Visto por última vez Precio de reemplazo Tipo de ítem Koha
        Colección de folletos Biblioteca del Ateneo de Madrid Biblioteca del Ateneo de Madrid Depósito folletos 17/01/2008   T-720-F-4 1170571 23/02/2023 23/02/2023 Folleto